000 01785nam a2200493 i 4500
001 DIGHERDER0022
003 NyNyDIG
008 200418s2013 sp o 000 0 spa d
006 m o d
007 cr |||||||||||
035 _a(OCoLC)962447684
040 _aDGITA
_beng
_erda
_epn
_cDGITA
020 _a9788425430961
_qeBook
020 _a8425430968
_qeBook
020 _z9788425420139
020 _z842542013X
041 1 _aspa
_hrum
043 _aa-ii---
050 1 4 _aDS414.2 ebook
082 0 4 _a915.404
100 1 _aEliade, Mircea,
_d1907-1986,
_eauthor.
240 1 0 _aIndia.
_lSpanish
_s(Garrigós)
245 1 3 _aLa India /
_cMircea Eliade ; traducción del rumano por Joaquín Garrigós.
264 1 _a[Barcelona] :
_bHerder Editorial,
_c[2013]
300 _a1 online resource.
336 _atext
_btxt
_2rdacontent
337 _acomputer
_bc
_2rdamedia
338 _aonline resource
_bcr
_2rdacarrier
347 _atext file
_2rdaft
347 _bEPUB
588 0 _aOnline resource; title from ePub title page (Digitalia, viewed April 18, 2020)
600 1 0 _aEliade, Mircea,
_d1907-1986
_xTravel
_zIndia.
651 0 _aIndia
_xDescription and travel.
651 0 _aIndia
_xSocial life and customs.
655 0 _aElectronic books.
700 1 _aGarrigós, Joaquín,
_etranslator.
700 1 _iTranslation of:
_aEliade, Mircea,
_d1907-1986.
_tIndia.
791 2 _aDigitalia (Firm),
_edistributor.
793 0 _gDigitalia eBook Collection:
_aHerder Editorial
776 0 8 _iPrint version:
_aEliade, Mircea, 1907-1986.
_sIndia. Spanish (Garrigós).
_tIndia.
_dBarcelona : Herder Editorial, 2000
_z9788425420139
856 4 0 _3Digitalia Hispánica
_uhttps://www.digitaliapublishing.com/a/60853/
910 _aPremium Collection: 2020
942 _cRAA
999 _c257230
_d257230